| 000 | 01275cam a22003615i 4500 | ||
|---|---|---|---|
| 001 | 017559356 | ||
| 003 | EG-ScBUE | ||
| 005 | 20260309101526.0 | ||
| 008 | 150921t2016 enka f b 001 0 eng d | ||
| 020 | _a9781292101811 | ||
| 020 | _a1292101814 | ||
| 040 |
_aEG-ScBUE _beng _erda _cEG-ScBUE _dEG-ScBUE |
||
| 082 | 0 | 4 |
_a570.15195 _bSAM _222 |
| 100 | 1 |
_aSamuels, Myra L., _eauthor. |
|
| 245 | 1 | 0 |
_aStatistics for the life sciences / _cMyra L. Samuels, Purdue University, Jeffrey A. Witmer, Oberlin College, Andrew Schaffner, California Polytechnic State University, San Luis Obispo. |
| 250 | _aFifth edition. | ||
| 250 | _aGlobal edition. | ||
| 264 | 1 |
_aHarlow : _bPearson Education Limited, _c[2016] |
|
| 264 | 4 | _cc2016 | |
| 300 |
_a647 pages : _billustrations ; _c26 cm |
||
| 336 |
_2rdacontent _atext _btxt |
||
| 337 |
_aunmediated _2rdamedia _bn |
||
| 338 |
_avolume _bnc _2rdacarrier |
||
| 504 | _aIncludes bibliographical references and index. | ||
| 650 | 7 |
_aBiometry. _2BUEsh _926131 |
|
| 650 | 7 |
_aMedical statistics. _2BUEsh _9711 |
|
| 650 | 7 |
_aAgriculture _xStatistical methods. _2BUEsh |
|
| 653 |
_bBUSADM _cDecember2016 |
||
| 655 | _vReading book | ||
| 700 | 1 |
_aWitmer, Jeffrey A., _eauthor. |
|
| 700 | 1 |
_aSchaffner, Andrew A., _eauthor. |
|
| 942 |
_2ddc _cBB |
||
| 999 |
_c23440 _d23412 |
||